Biriyani_Malayalam (Record no. 38121)

MARC details
000 -LEADER
fixed length control field 01152nam a22001817a 4500
082 ## - DEWEY DECIMAL CLASSIFICATION NUMBER
Classification number 920 SAN
100 ## - MAIN ENTRY--AUTHOR NAME
Personal name Santhosh Aechikkanam
245 ## - TITLE STATEMENT
Title Biriyani_Malayalam
250 ## - EDITION STATEMENT
Edition statement 1
260 ## - PUBLICATION, DISTRIBUTION, ETC. (IMPRINT)
Name of publisher DC Books
Place of publication Kottayam
Year of publication 2025
300 ## - PHYSICAL DESCRIPTION
Number of Pages Number of pages : 104
500 ## - GENERAL NOTE
General note Category : Short Stories, Best Sellers
520 ## - SUMMARY, ETC.
Summary, etc เด•เต‡เดฐเดณเต€เดฏเดœเต€เดตเดฟเดคเดคเตเดคเต† เดตเดฐเดฟเดžเตเดžเตเดฎเตเดฑเตเด•เตเด•เตเดจเตเดจ เดจเดพเด—เดฐเดฟเด•เดคเดฏเตเดŸเต† เด†เดธเตเดฐเดฎเดพเดฏ เดธเตเดชเดฐเตโ€เดถเดฟเดจเดฟเด•เดณเต†เดฏเตเด‚ เดธเดพเดฎเต‚เดนเตเดฏเดฏเดพเดฅเดพเดฐเตโ€เดคเตเดฅเตเดฏเด™เตเด™เดณเต†เดฏเตเด‚ เดคเต€เด•เตเดทเตเดฃเดฎเดพเดฏเดฟ เด…เดจเตเดญเดตเดตเต‡เดฆเตเดฏเดฎเดพเด•เตเด•เตเดจเตเดจ เดœเต€เดตเดธเตเดธเตเดฑเตเดฑ เด•เดฅเด•เดณเตโ€. เดฌเดฟเดฐเดฟเดฏเดพเดฃเดฟ, เดจเดพเดฏเดฟเด•เตเด•เดพเดชเตเดชเต, เดฎเดจเตเดทเตเดฏเดพเดฒเดฏเด™เตเด™เดณเตโ€, U, V, X, Y, Z, เดฎเดฐเดชเตเดฐเดญเต, เดฒเดฟเดซเตเดฑเตเดฑเต, เด†เดŸเตเดŸเด‚ เดŽเดจเตเดจเดฟเด™เตเด™เดจเต† เดถเตเดฐเดฆเตเดงเต‡เดฏเดฎเดพเดฏ เดเดดเต เด•เดฅเด•เดณเตโ€.<br/>
546 ## - LANGUAGE NOTE
Language note Language : Malayalam
650 ## - SUBJECT ADDED ENTRY--TOPICAL TERM
Topical Term GEN
942 ## - ADDED ENTRY ELEMENTS (KOHA)
Koha item type Text Book
952 ## - LOCATION AND ITEM INFORMATION (KOHA)
Damaged status
Not for loan
Holdings
Withdrawn status Collection code Permanent Location Current Location Date acquired Source of acquisition Cost, normal purchase price Inventory number Full call number Accession Number Price effective from Koha item type
  GENERAL VAST Central Library VAST Central Library 25/11/2025 DC Bookshop,Thrissur 140.00 000729 920 SAN 38241 18/12/2025 Text Book